000
00266nam a2200109Ia 4500
008
230125s9999 xx 000 0 und d
082
_a
954
_b
KULA
100
_a
Kulkarni,Sudheendra
245
0
_a
August Voice
260
_b
Mumbai;Observer research foundation
942
_c
BK
999
_c
445
_d
445